Algebraic statistics for computational biology

Αποθηκεύτηκε σε:
Λεπτομέρειες βιβλιογραφικής εγγραφής
Άλλοι συγγραφείς: Pachter, Lior 1973- (Επιμελητής έκδοσης), Sturmfels, Bernd, 1962- (Επιμελητής έκδοσης)
Μορφή: Βιβλίο
Γλώσσα:English
Δημοσίευση: Cambridge ; New York : Cambridge University Press, 2005.
Θέματα:
Ετικέτες: Προσθήκη ετικέτας
Δεν υπάρχουν, Καταχωρήστε ετικέτα πρώτοι!

MARC

LEADER 00000cam a2200000 i 4500
001 1/61856
008 071106s2005 enk ||| | eng||
020 |a 0521857007 
035 |l 10092089 
040 |a GR-MyUA  |b gre  |e AACR2 
041 0 |a eng 
082 0 |a 572.86   |2 (22) 
245 1 0 |a Algebraic statistics for computational biology /   |c edited by Lior Pachter, Bernd Sturmfels.  
260 |a Cambridge ;   |a New York :   |b Cambridge University Press,   |c 2005.  
300 |a xii, 420 σ. :   |b εικ. ;   |c 27 εκ.  
504 |a Περιλαμβάνει βιβλιογραφικές παραπομπές (σ. 403-417) και ευρετήριο.  
650 0 0 |a Biometry. 
650 0 0 |a Algebra. 
700 1 |a Pachter, Lior  |d 1973-  |e edt 
700 1 |a Sturmfels, Bernd,   |d 1962-  |e edt 
852 |a INST  |b SAMOS  |e 20071106  |h 572.86 ALG  |p 005300027929  |q 005300027929  |t BK  |y 0 
901 |a BIBL3-2007-3 
909 |a Σ  |b 139205 
922 |a 3ΕΛΗ  |b 200709  |c ΕΠΕΑΕΚ2/ΤΜΗΜΑ ΜΑΘΗΜΑΤΙΚΩΝ  |d ΠΑΠΑΣΩΤΗΡΙΟΥ 
970 |a ΣΙΤΖΙΜΗ  |b ΓΙΑΣΕΜΗ  |z 2007/11/06